| 000 | 00690nam a2200181 a 4500 | ||
|---|---|---|---|
| 001 | 000046181 | ||
| 005 | 20201002052706.0 | ||
| 008 | 150703s2000 dr a 000 0 spa d | ||
| 040 |
_aDO-SdBNP _bspa _cBNPHU |
||
| 082 |
_axxxx _bxxxx |
||
| 100 | 1 |
_aBeltramino, Juan Carlos M. _974227 |
|
| 245 | 1 | 0 |
_aCurso avanzado sobre negociación internacional / _cJuan Carlos M. Beltramino ; presentación Miguel Antonio Rodríguez Cabrer. |
| 260 |
_aSanto Domingo : _bSecretaría de Estado de Relaciones Exteriores, _c2000. |
||
| 300 |
_a60 p. : _bil. ; _c21 cm. |
||
| 490 | 1 | _aCursos especializados | |
| 700 | 1 | 2 |
_aRodríguez Cabrer, Miguel Antonio, _epres. _92259 |
| 830 | 0 |
_aCursos especializados _955133 |
|
| 999 |
_c45670 _d45670 |
||